Capitales qui commencent par L - Statistiques

Statistiques générales
  • Ce quiz a été pris 348 fois
  • Le résultat moyen est 10 sur 15
Statistiques - réponses
Capitales % Correct
Lima
83%
Lisbonne
76%
Londres
75%
Luxembourg
74%
Luanda
72%
Le Caire
68%
Lomé
67%
Ljubljana
64%
Lusaka
60%
La Valette
59%
La Havane
57%
Libreville
56%
La Paz
49%
Lilongwe
46%
Le Cap
45%
Aucun quiz correspondant
Distribution des résultats
% des personnes avec chaque résultat
Percentile par nombre de réponses
Votre historique - résultats
Vous n’avez pas pris ce quiz